| 000 | 01317 a2200265 4500 | ||
|---|---|---|---|
| 003 | Nust | ||
| 005 | 20170207154044.0 | ||
| 010 | _a 2008009444 | ||
| 020 | _a0470136693 (cloth) | ||
| 020 | _a9780470136690 (cloth) | ||
| 035 | _a(OCoLC)212908931 | ||
| 035 | _a(OCoLC)ocn212908931 | ||
| 040 | _cNust | ||
| 082 | 0 | 0 | _a005.11 |
| 100 | 1 | _aHolcombe, W. M. L. | |
| 245 | 1 | 0 |
_aRunning an agile software development project -(E-BOOK) _cMike Holcombe. |
| 260 |
_aHoboken, N.J. : _bWiley, _cc2008. |
||
| 300 |
_axiv, 312 p. : _bill. ; _c25 cm. |
||
| 505 | _aWhat Is an Agile Methodology? (page-1), Extreme Programming Outlined (page-19), Foundations: People and Teams Working Together (page-41), Starting an XP Project (page-73), Identifying Stories and Preparing to Build (page-119), Bringing the System Together as a Coherent Concept (page-153), Designing the System Tests (page-181), Units and Their Tests (page-215), Evolving the System (page-239), Documenting and Delivering the System (page-251), Reflecting on the Process (page-269), Lifestyle Matters (page-281). | ||
| 650 | 0 | _aAgile software development. | |
| 650 | 0 |
_aComputer software _xDevelopment. |
|
| 650 | 0 | _aeXtreme programming. | |
| 651 | _aE-BOOK | ||
| 856 | 4 | 1 |
_3Table of contents only _uhttp://www.loc.gov/catdir/toc/ecip0812/2008009444.html |
| 942 |
_2ddc _cBK |
||
| 999 |
_c192795 _d192795 |
||